|
|
|
|
| LEADER |
00000nam a22000007a 4500 |
| 005 |
20201230001533.0 |
| 007 |
cr|||| |||| |
| 008 |
201230s2018 br |||||s|||| 00||0 por d |
| 020 |
|
|
|a 978-85-9547-036-1
|
| 035 |
|
|
|a 32526
|
| 040 |
|
|
|a vLex
|
| 090 |
|
|
|c 11022
|d 11022
|
| 100 |
1 |
|
|a Cattoni de Oliveira, Marcelo A.
|
| 245 |
1 |
0 |
|a 1988-2018: o que constitum̕os?
|h [Recurso electrn̤ico] :
|b Homenagem a Menelick de Carvalho Netto nos 30 Anos da Constituiȯ̂ de 1988 /
|c Marcelo A. Cattoni de Oliveira, David F. L. Gomes, Deivide Jl︢io Ribeiro
|
| 256 |
|
|
|a Servicio en ln̕ea
|
| 260 |
|
|
|a Belo Horizonte:
|b Initia Via Editora,
|c 2018
|
| 300 |
|
|
|a 1 recurso electrn̤ico
|
| 500 |
|
|
|a "No momento em que celebra seus 30 anos, a Constituiȯ̂ de 1988 v-̊se sob um ataque advindo de ml︢tiplos lados. Se esse ataque possui, certamente, uma forȧ e uma articulaȯ̂ inďitas, nô ̌a primeira vez que isso ocorre: desde antes mesmo de sua promulgaȯ̂ em 5 de outubro, o tom emancipatr̤io que nela se manifesta j ̀levantava resistn̊cias variadas, sendo o cľebre discurso do entô presidente Jos ̌Sarney uma espčie de metonm̕ia de um processo de crt̕ica destrutiva que acompanharia a Constituiȯ̂ ao longo de sua vign̊cia. Por outro lado, a rp̌lica presente no discurso de Ulysses Guimarês tambm̌ pode ser lida como uma metonm̕ia, uma metonm̕ia da continuada luta em sua defesa que acom- panharia igualmente a vida dessa Constituiȯ̂. Se a Constituiȯ̂ de 1988 ̌luta, luta contn̕ua em sua defesa, nada mais adequado do que homenagear, em um evento que se apresenta como uma etapa a mais nessa luta, um intelectual que sempre sustentou exatamente isto: Constituiȯ̂ ̌luta, luta constante por sua defesa, inc̕io de um projeto que se efetiva no tempo apenas se nos engajamos como cidadŝ e cidadôs ativas e ativos nessa luta. É com esse sentido que foi realizado o congresso: “1988-2018: O QUE CONSTITUÍMOS? Homenagem a Menelick de Carvalho Netto nos 30 anos da Constituiȯ̂ de 1988”. - Os organizadores.
|
| 506 |
1 |
|
|a Disponible solo en los productos indicados
|d vLex Global
|d vLex Global (Academic Edition, excluding Law Schools)
|d vLex Global (U.S. Academic Edition, Law Schools)
|d vLex Global (U.S. Academic Edition, excluding Law Schools)
|d vLex Global (Academic Edition, Law Schools)
|
| 650 |
0 |
4 |
|a Derecho Constitucional
|z Brasil
|
| 650 |
0 |
4 |
|a Derecho Militar
|z Brasil
|
| 700 |
1 |
|
|a Gomes, David F. L.
|
| 700 |
1 |
|
|a Ribeiro, Deivide Jl︢io
|
| 740 |
0 |
|
|a vLex Libros (Servicio en ln̕ea)
|
| 856 |
4 |
0 |
|u http://vlex.com/source/1988-2018-o-que-constituimos-homenagem-a-menelick-de-carvalho-netto-nos-30-anos-da-constitui-o-de-1988-32526
|z Acceso restringido
|
| 942 |
|
|
|c BOOK
|
| 999 |
0 |
|
|a Constitutional Law
|
| 999 |
0 |
|
|a Military Law
|